000 00597nam a2200253Ia 4500
003 AR-RoIUNI
005 20190122155508.0
008 150616s9999 xx 000 0 und d
020 _a9788861821729
040 _cIUNIR
040 _dOCLC
_cIUNIR
080 _a811.131.1 GUA
100 1 _aGuastalla, Carlo
245 1 _aDomani 1
_bCorso di lingua e cultura italiana
250 _a1a. ed.
260 _aFirenze
260 _bAlma Edizioni
260 _c2010
300 _a224 p.
300 _c26 cm.
650 1 0 _9544
_aItaliano
700 1 _aNaddeo, Ciro Massimo
942 _cBK
_2cdu
999 _c1277
_d1277